The community of communities. (Record no. 71761)

MARC details
000 -LEADER
fixed length control field 00488cam a22001812 4500
001 - CONTROL NUMBER
control field sa 67000103
003 - CONTROL NUMBER IDENTIFIER
control field DLC
005 - DATE AND TIME OF LATEST TRANSACTION
control field 20260227112312.0
008 - FIXED-LENGTH DATA ELEMENTS--GENERAL INFORMATION
fixed length control field 811203s1966 ii 000 0 eng
010 ## - LIBRARY OF CONGRESS CONTROL NUMBER
LC control number sa 67000103
040 ## - CATALOGING SOURCE
Original cataloging agency DLC
Transcribing agency CarP
Modifying agency DLC
050 00 - LIBRARY OF CONGRESS CALL NUMBER
Classification number BD450
Item number .M755 1966a
100 1# - MAIN ENTRY--PERSONAL NAME
Personal name Mukerjee, Radhakamal,
Dates associated with a name 1889-1968.
245 14 - TITLE STATEMENT
Title The community of communities.
260 ## - PUBLICATION, DISTRIBUTION, ETC.
Place of publication, distribution, etc. Bombay,
Name of publisher, distributor, etc. Manaktalas
Date of publication, distribution, etc. [1966]
300 ## - PHYSICAL DESCRIPTION
Extent 155 p.
Dimensions 22 cm.
650 #0 - SUBJECT ADDED ENTRY--TOPICAL TERM
Topical term or geographic name entry element Philosophical anthropology.

No items available.

Powered by Koha